[Event "Catalunya-chT Gp1"]
[Site "Barcelona"]
[Date "2024.02.03"]
[Round "3.3"]
[White "Ubach Miralda, Marcelo"]
[Black "Aymerich Verdaguer, Eduard"]
[Result "1-0"]
[WhiteElo "2230"]
[BlackElo "2218"]
[PlyCount "123"]
[EventDate "2024.01.20"]
[EventType "team-tourn"]
[EventRounds "7"]
[EventCountry "ESP"]
[SourceTitle "CB11_2024"]
[SourceDate "2024.03.13"]
[SourceVersion "1"]
[SourceVersionDate "2024.03.13"]
[SourceQuality "1"]
[WhiteTeam "Terrassa"]
[BlackTeam "Olot"]
[WhiteTeamCountry "ESP"]
[BlackTeamCountry "ESP"]

1. c4 c5 2. g3 Nc6 3. Bg2 g6 4. Nc3 Bg7 5. a3 e6 6. Rb1 Nge7 7. b4 d6 8. Nf3 0-0 9. 0-0 Rb8 10. bxc5 dxc5 11. Ne4 b6 12. Bb2 e5 13. d3 h6 14. Nfd2 f5 15. Nc3 Be6 16. Qc2 Qd7 17. Rbd1 Nd4 18. Qc1 Rfd8 19. Qa1 a6 20. e3 Ndc6 21. Nf3 Qc7 22. Rfe1 Bf7 23. Ne2 g5 24. d4 Bxc4 25. Nxe5 Nxe5 26. dxe5 Rxd1 27. Qxd1 Rd8 28. Qc2 b5 29. f4 Qd7 30. Bc3 Qd3 31. Qxd3 Rxd3 32. Kf2 Nd5 33. Bxd5+ Bxd5 34. Rc1 Bf8 35. Rc2 Kf7 36. Rd2 Rxd2 37. Bxd2 g4 38. Nc3 Bc4 39. e4 Ke6 40. Ke3 b4 41. exf5+ Kxf5 42. Ne4 a5 43. Nd6+ Bxd6 44. exd6 Ke6 45. f5+ Kxd6 46. Kf4 Kd5 47. Kxg4 Ke4 48. Bxh6 Be2+ 49. Kg5 Bc4 50. Bg7 Kd3 51. h4 Bg8 52. h5 c4 53. axb4 axb4 54. h6 b3 55. f6 c3 56. f7 Bxf7 57. Bxc3 Kxc3 58. h7 b2 59. h8Q+ Kc2 60. Qh7+ Kc3 61. Qg7+ Kc2 62. Qxf7 1-0

[Event "Titled Tuesday intern op 01st Aug Late"]
[Site "Chess.com INT"]
[Date "2023.08.01"]
[Round "3"]
[White "Aymerich Verdaguer, Eduard"]
[Black "Mushini, Ajay"]
[Result "0-1"]
[WhiteElo "2218"]
[BlackElo "2309"]
[PlyCount "90"]
[EventDate "2023.08.01"]
[EventType "swiss (blitz)"]
[EventRounds "11"]
[EventCountry "USA"]
[SourceTitle "EXT 2024"]
[Source "ChessBase"]
[SourceDate "2023.10.10"]
[SourceVersion "1"]
[SourceVersionDate "2023.10.10"]
[SourceQuality "1"]

1. d4 Nf6 2. c4 c5 3. d5 b5 4. cxb5 a6 5. b6 g6 6. Nc3 d6 7. Qb3 Bb7 8. a4 a5 9. e4 Bg7 10. Nf3 0-0 11. Be2 Na6 12. Nd2 Nb4 13. Nc4 e6 14. dxe6 d5 15. exd5 fxe6 16. Bf4 Nfxd5 17. Nxd5 exd5 18. Bc7 Qf6 19. Bf3 Rae8+ 20. Ne3 c4 21. Qc3 Qxc3+ 22. bxc3 Nc2+ 23. Kd2 Nxa1 24. Rxa1 d4 25. Bxb7 dxe3+ 26. fxe3 Rf2+ 27. Ke1 Rb2 28. e4 Bxc3+ 29. Kf1 Rf8+ 30. Kg1 Rxg2+ 31. Kxg2 Bxa1 32. Bd5+ Kh8 33. Bxc4 Bd4 34. Be6 Rf2+ 35. Kg3 Rb2 36. Bd5 h5 37. b7 Ba7 38. Bxa5 Bb8+ 39. Kf3 Rxh2 40. Bb6 Rh3+ 41. Kg2 Ra3 42. a5 h4 43. Be6 h3+ 44. Bxh3 Rg3+ 45. Kh2 Re3+ 0-1

[Event "Titled Tuesday intern op 01st Aug Late"]
[Site "Chess.com INT"]
[Date "2023.08.01"]
[Round "4"]
[White "Lacasa Diaz, Jose Antonio"]
[Black "Aymerich Verdaguer, Eduard"]
[Result "0-1"]
[WhiteElo "2367"]
[BlackElo "2218"]
[PlyCount "64"]
[EventDate "2023.08.01"]
[EventType "swiss (blitz)"]
[EventRounds "11"]
[EventCountry "USA"]
[SourceTitle "EXT 2024"]
[Source "ChessBase"]
[SourceDate "2023.10.10"]
[SourceVersion "1"]
[SourceVersionDate "2023.10.10"]
[SourceQuality "1"]

1. e4 c5 2. Nf3 e6 3. c3 Nf6 4. d3 d5 5. e5 Nfd7 6. d4 Nc6 7. Bd3 Be7 8. 0-0 a6 9. Bc2 b5 10. Be3 a5 11. Nbd2 b4 12. Re1 Qb6 13. Nf1 Ba6 14. Ng3 h6 15. Nh5 Kf8 16. Qd2 Bb5 17. g4 a4 18. a3 bxa3 19. bxa3 Na5 20. Rab1 Qc6 21. g5 hxg5 22. Nxg7 Kxg7 23. Bxg5 Nc4 24. Qf4 Bxg5 25. Qxg5+ Kf8 26. Ra1 Nb2 27. Reb1 Rg8 28. Qxg8+ Kxg8 29. Rxb2 cxd4 30. Nxd4 Qxc3 31. Rxb5 Qxa1+ 32. Kg2 Qxd4 0-1

[Event "Malopolska-ch"]
[Site "Krakow"]
[Date "2023.06.08"]
[Round "1"]
[White "Aymerich Verdaguer, Eduard"]
[Black "Darowicki, Mariusz"]
[Result "1-0"]
[WhiteElo "2189"]
[BlackElo "1970"]
[PlyCount "139"]
[EventDate "2023.06.08"]
[EventType "swiss"]
[EventRounds "7"]
[EventCountry "POL"]
[SourceTitle "CBM 214 Extra"]
[Source "ChessBase"]
[SourceDate "2023.07.31"]
[SourceVersion "1"]
[SourceVersionDate "2023.07.31"]
[SourceQuality "1"]

1. d4 Nf6 2. c4 e6 3. Nc3 Bb4 4. Qc2 c5 5. dxc5 Bxc5 6. e3 0-0 7. Nf3 Nc6 8. a3 d5 9. b4 Be7 10. Bb2 Bd7 11. Rd1 dxc4 12. Bxc4 Rc8 13. Qb3 a6 14. 0-0 Qc7 15. Bd3 b5 16. Ne4 Nxe4 17. Bxe4 Bf6 18. Bxh7+ Kxh7 19. Bxf6 gxf6 20. Qd3+ Kg7 21. Qxd7 Rfd8 22. Qxc7 Rxc7 23. g4 a5 24. Rxd8 Nxd8 25. Rd1 Nb7 26. h3 axb4 27. axb4 Kf8 28. Nd4 Rc4 29. Nxb5 Rxb4 30. Nd4 Nc5 31. Rc1 Nd3 32. Rc3 Ne5 33. Kg2 Rb2 34. Kg3 Rb7 35. f4 Nd7 36. h4 Kg7 37. Kf3 Nf8 38. f5 e5 39. Ne2 Nd7 40. Ng3 Kf8 41. Ne4 Ke7 42. Rc6 Ra7 43. Nc3 Kf8 44. Nd5 Kg7 45. g5 fxg5 46. hxg5 Rb7 47. Rc7 Rxc7 48. Nxc7 Nc5 49. Ne8+ Kf8 50. Nf6 Ke7 51. Ne4 Nd3 52. Ke2 Nb4 53. Nf6 Nc6 54. Kd3 Kf8 55. Ke4 Kg7 56. Kd5 Nb4+ 57. Kxe5 Nd3+ 58. Ke4 Nf2+ 59. Kf3 Nd3 60. Nd7 Ne1+ 61. Kg4 Ng2 62. e4 Ne3+ 63. Kf4 Ng2+ 64. Kg3 Ne3 65. Kf3 Nf1 66. Kf4 Nd2 67. e5 Kg8 68. f6 Nc4 69. g6 fxg6 70. e6 1-0

[Event "Titled Tuesday intern op 18th Apr Late"]
[Site "Chess.com INT"]
[Date "2023.04.18"]
[Round "4"]
[White "Aymerich Verdaguer, Eduard"]
[Black "Kochiev, Ivan"]
[Result "1-0"]
[WhiteElo "2215"]
[BlackElo "2053"]
[PlyCount "75"]
[EventDate "2023.04.18"]
[EventType "swiss (blitz)"]
[EventRounds "11"]
[EventCountry "USA"]
[SourceTitle "EXT 2024"]
[Source "ChessBase"]
[SourceDate "2023.10.10"]
[SourceVersion "1"]
[SourceVersionDate "2023.10.10"]
[SourceQuality "1"]

1. d4 Nf6 2. Nf3 e6 3. c4 c5 4. d5 exd5 5. cxd5 d6 6. Nc3 g6 7. h3 Bg7 8. Bf4 0-0 9. e3 Qe7 10. Nd2 Nbd7 11. Nc4 Ne8 12. Be2 a6 13. a4 f5 14. 0-0 Ne5 15. Nb6 Rb8 16. Bh2 Nc7 17. Re1 Nd7 18. Nc4 Ne5 19. Nb6 Na8 20. Nxc8 Rfxc8 21. e4 fxe4 22. Nxe4 Nc7 23. Bg4 Rf8 24. Nxc5 dxc5 25. d6 Qf6 26. dxc7 Qxf2+ 27. Kh1 Nxg4 28. Qxg4 Rbc8 29. Bd6 Qf5 30. Qc4+ Rf7 31. Rf1 Qd7 32. Rae1 Bf8 33. Re7 Qxe7 34. Bxe7 Bxe7 35. Qxf7+ Kh8 36. Qxe7 Re8 37. Rf8+ Rxf8 38. Qxf8# 1-0

[Event "Titled Tuesday intern op 18th Apr Late"]
[Site "Chess.com INT"]
[Date "2023.04.18"]
[Round "5"]
[White "Aymerich Verdaguer, Eduard"]
[Black "Prohaszka, Peter"]
[Result "0-1"]
[WhiteElo "2215"]
[BlackElo "2584"]
[PlyCount "80"]
[EventDate "2023.04.18"]
[EventType "swiss (blitz)"]
[EventRounds "11"]
[EventCountry "USA"]
[SourceTitle "EXT 2024"]
[Source "ChessBase"]
[SourceDate "2023.10.10"]
[SourceVersion "1"]
[SourceVersionDate "2023.10.10"]
[SourceQuality "1"]

1. d4 d5 2. c4 e6 3. Nc3 a6 4. cxd5 exd5 5. Nf3 Nf6 6. Bg5 Be6 7. e3 Nbd7 8. Bd3 c6 9. Ne5 h6 10. Bxf6 Qxf6 11. f4 Bf5 12. 0-0 Bxd3 13. Qxd3 Nxe5 14. fxe5 Qg6 15. Qxg6 fxg6 16. e4 dxe4 17. Nxe4 Rd8 18. Rad1 Be7 19. Rd2 Rf8 20. Rxf8+ Kxf8 21. Kf2 Kf7 22. g3 Ke6 23. Ke3 a5 24. h4 a4 25. Nc3 a3 26. b3 g5 27. h5 Bb4 28. Rc2 c5 29. dxc5 Bxc5+ 30. Ke4 Rd4+ 31. Kf3 g4+ 32. Kg2 Kxe5 33. Ne2 b6 34. Nxd4 Kxd4 35. Rc4+ Kd3 36. Rxg4 Kc3 37. Rxg7 Kb2 38. Rg6 Kxa2 39. Rxh6 Kxb3 40. Rh7 a2 0-1

[Event "Titled Tuesday intern op 18th Apr Late"]
[Site "Chess.com INT"]
[Date "2023.04.18"]
[Round "10"]
[White "D'Arruda, Ricardo D"]
[Black "Aymerich Verdaguer, Eduard"]
[Result "1/2-1/2"]
[WhiteElo "2271"]
[BlackElo "2215"]
[PlyCount "84"]
[EventDate "2023.04.18"]
[EventType "swiss (blitz)"]
[EventRounds "11"]
[EventCountry "USA"]
[SourceTitle "EXT 2024"]
[Source "ChessBase"]
[SourceDate "2023.10.10"]
[SourceVersion "1"]
[SourceVersionDate "2023.10.10"]
[SourceQuality "1"]

1. d4 Nf6 2. Nf3 g6 3. Nc3 d5 4. Bg5 Bg7 5. Bxf6 Bxf6 6. e4 c6 7. Bd3 0-0 8. e5 Bg7 9. Ne2 Bg4 10. c3 Bxf3 11. gxf3 f6 12. f4 f5 13. h4 c5 14. h5 e6 15. Qd2 Qa5 16. hxg6 hxg6 17. Rg1 Kf7 18. Qe3 Rh8 19. dxc5 Bf8 20. b4 Qa3 21. Kf1 a5 22. Rb1 axb4 23. Rxb4 Ra7 24. Nd4 Bxc5 25. Qg3 Rg8 26. Nb5 Qa5 27. Nd6+ Bxd6 28. exd6 Nc6 29. Rb1 Qxc3 30. Rh1 Rg7 31. d7 Rxa2 32. Rxb7 Nd8 33. Rb8 Ra1+ 34. Kg2 Rxh1 35. Kxh1 Rh7+ 36. Kg2 Qe1 37. Bf1 Qe4+ 38. f3 Qc2+ 39. Kg1 Qc5+ 40. Kg2 Qc2+ 41. Kg1 Qc5+ 42. Kg2 Qc2+ 1/2-1/2

[Event "Catalunya-chT Gp2"]
[Site "Barcelona"]
[Date "2023.02.11"]
[Round "4.5"]
[White "Escandell, Juan C"]
[Black "Aymerich Verdaguer, Eduard"]
[Result "1-0"]
[WhiteElo "2159"]
[BlackElo "2208"]
[PlyCount "89"]
[EventDate "2023.01.21"]
[EventType "team-tourn"]
[EventRounds "7"]
[EventCountry "ESP"]
[SourceTitle "CBM 213 Extra"]
[Source "ChessBase"]
[SourceDate "2023.05.31"]
[SourceVersion "1"]
[SourceVersionDate "2023.05.31"]
[SourceQuality "1"]
[WhiteTeam "Cerdanyola Valles"]
[BlackTeam "Olot"]
[WhiteTeamCountry "ESP"]
[BlackTeamCountry "ESP"]

1. e4 c5 2. Nf3 e6 3. d4 cxd4 4. Nxd4 Nc6 5. Nc3 Qc7 6. Qd3 Nf6 7. Ndb5 Qb8 8. Qg3 d6 9. Be3 Be7 10. 0-0-0 0-0 11. Nxd6 e5 12. Nf5 Bxf5 13. exf5 Rd8 14. Bc4 Qc7 15. Bb3 Qa5 16. Qf3 Rac8 17. Nd5 Nxd5 18. Rxd5 Rxd5 19. Qxd5 Qxd5 20. Bxd5 g6 21. fxg6 hxg6 22. Rd1 Rc7 23. Kb1 Kg7 24. g3 f5 25. h4 Nb4 26. Bb3 b6 27. Ba4 Bc5 28. Bxc5 Rxc5 29. Rd7+ Kf8 30. c3 Nd5 31. Bb3 Ne7 32. Rxa7 e4 33. Rb7 Rc6 34. Rd7 Ke8 35. Rd4 Rc5 36. Rd6 b5 37. a4 bxa4 38. Bxa4+ Kf7 39. Kc2 Kg7 40. b4 Re5 41. Bb3 Kf8 42. Kd2 f4 43. Rf6+ Kg7 44. Rf7+ Kh6 45. gxf4 1-0

[Event "EU-ch Blitz"]
[Site "Katowice"]
[Date "2022.12.16"]
[Round "6"]
[White "Gavrilescu, David"]
[Black "Aymerich Verdaguer, Eduard"]
[Result "1-0"]
[WhiteElo "2522"]
[BlackElo "2208"]
[PlyCount "75"]
[EventDate "2022.12.16"]
[EventType "swiss (blitz)"]
[EventRounds "22"]
[EventCountry "POL"]
[SourceTitle "CBM 211 Extra"]
[Source "ChessBase"]
[SourceDate "2023.01.31"]
[SourceVersion "1"]
[SourceVersionDate "2023.01.31"]
[SourceQuality "1"]

1. e4 c5 2. Nf3 e6 3. d4 cxd4 4. Nxd4 Nc6 5. a3 Qc7 6. c4 a6 7. Nc3 Nf6 8. Be3 d6 9. Be2 Be7 10. 0-0 0-0 11. Rc1 Nb8 12. f4 b6 13. Bf3 Bb7 14. g4 Rd8 15. g5 Nfd7 16. Qe2 Bf8 17. h4 Nc6 18. Nxc6 Bxc6 19. h5 g6 20. Qg2 Rac8 21. Nd5 Qb8 22. hxg6 fxg6 23. Nc3 Bg7 24. Qh3 Nf8 25. Rc2 Bd7 26. b3 b5 27. f5 exf5 28. exf5 Bxf5 29. Bd5+ Kh8 30. Rxf5 gxf5 31. Rh2 Rc7 32. Ne2 Re8 33. Bf4 bxc4 34. g6 Be5 35. Qxf5 Nxg6 36. Bf7 Rf8 37. Bxe5+ dxe5 38. Qf6# 1-0

[Event "EU-ch Blitz"]
[Site "Katowice"]
[Date "2022.12.16"]
[Round "19"]
[White "Zerebiec, Maurycy"]
[Black "Aymerich Verdaguer, Eduard"]
[Result "0-1"]
[WhiteElo "1917"]
[BlackElo "2208"]
[PlyCount "94"]
[EventDate "2022.12.16"]
[EventType "swiss (blitz)"]
[EventRounds "22"]
[EventCountry "POL"]
[SourceTitle "CBM 211 Extra"]
[Source "ChessBase"]
[SourceDate "2023.01.31"]
[SourceVersion "1"]
[SourceVersionDate "2023.01.31"]
[SourceQuality "1"]

1. c4 f5 2. Nc3 Nf6 3. g3 g6 4. Bg2 Bg7 5. d3 d6 6. e4 0-0 7. exf5 gxf5 8. Nge2 e5 9. 0-0 Nc6 10. d4 Bd7 11. dxe5 dxe5 12. Nd5 h6 13. Nxf6+ Rxf6 14. Nc3 Rd6 15. Nd5 Nd4 16. Qh5 Be8 17. Qd1 c6 18. Nc3 Bf7 19. b3 e4 20. Bb2 Nf3+ 21. Bxf3 Rxd1 22. Bxd1 Qa5 23. Rc1 Rd8 24. a3 Rd2 25. b4 Qd8 26. Ba1 Bxc4 27. Re1 Bd4 28. Be2 Bxe2 29. Nxe2 Bxa1 30. Rxa1 Qd3 31. Nf4 Qf3 32. Rf1 Kf7 33. Rae1 Qxa3 34. Re3 Qxb4 35. Rfe1 a5 36. f3 Qd4 37. Kh1 Qb2 38. R3e2 Rxe2 39. Rxe2 Qb1+ 40. Kg2 a4 41. fxe4 fxe4 42. Nh3 a3 43. Nf2 a2 44. Nxe4 Qxe4+ 45. Rxe4 a1Q 46. Rf4+ Kg6 47. h4 h5 0-1

[Event "Madrid-chT Honor 2122"]
[Site "Madrid"]
[Date "2021.11.28"]
[Round "1.5"]
[White "Perez Ordonez, Jose Ramon"]
[Black "Aymerich Verdaguer, Eduard"]
[Result "1-0"]
[WhiteElo "2164"]
[BlackElo "2214"]
[PlyCount "73"]
[EventDate "2021.11.27"]
[EventType "team-tourn"]
[EventRounds "14"]
[EventCountry "ESP"]
[SourceTitle "EXT 2024"]
[Source "ChessBase"]
[SourceDate "2023.10.10"]
[SourceVersion "1"]
[SourceVersionDate "2023.10.10"]
[SourceQuality "1"]
[WhiteTeam "La Didactica"]
[BlackTeam "Villalba 64"]
[WhiteTeamCountry "ESP"]
[BlackTeamCountry "ESP"]

1. e4 c5 2. c3 d5 3. exd5 Qxd5 4. d4 cxd4 5. cxd4 e6 6. Nc3 Bb4 7. Nf3 Nf6 8. Bd2 Bxc3 9. bxc3 0-0 10. Bd3 Nc6 11. Qe2 Rd8 12. 0-0 b6 13. Bg5 Bb7 14. c4 Qa5 15. d5 exd5 16. Bxf6 gxf6 17. Rfe1 d4 18. Qe4 Qh5 19. Qf4 Nb4 20. Be4 Bxe4 21. Rxe4 f5 22. Rxd4 Rxd4 23. Qxd4 Qg4 24. Qc3 Nc6 25. Re1 Rd8 26. h3 Qg7 27. Qe3 Qf6 28. Qf4 h6 29. g3 Nb4 30. Ne5 Nc2 31. Ng4 Qd6 32. Re8+ Rxe8 33. Qxd6 fxg4 34. hxg4 Re6 35. Qb8+ Kg7 36. Qxa7 Ne1 37. Qa3 1-0

[Event "Madrid-chT 1920 Honor"]
[Site "Madrid"]
[Date "2020.02.15"]
[Round "9.6"]
[White "Suarez Triguero, Jose Alfonso"]
[Black "Aymerich Verdaguer, Eduard"]
[Result "0-1"]
[WhiteElo "2043"]
[BlackElo "2216"]
[PlyCount "83"]
[EventDate "2019.11.24"]
[EventType "team-tourn"]
[EventRounds "12"]
[EventCountry "ESP"]
[SourceTitle "EXT 2021"]
[Source "ChessBase"]
[SourceDate "2020.10.23"]
[SourceVersion "1"]
[SourceVersionDate "2020.10.23"]
[SourceQuality "1"]
[WhiteTeam "Liberty Chess"]
[BlackTeam "Villalba 64"]
[WhiteTeamCountry "ESP"]
[BlackTeamCountry "ESP"]

1. e4 c5 2. c4 e6 3. Nc3 d6 4. Nf3 b6 5. d4 cxd4 6. Nxd4 Nf6 7. Be2 Bb7 8. f3 a6 9. Be3 Be7 10. Qd2 Nbd7 11. 0-0 0-0 12. Rfd1 Rc8 13. Rac1 Qc7 14. Bf1 Qb8 15. b3 Bd8 16. Kh1 Bc7 17. Bg1 Rfe8 18. Nc2 h5 19. Ne3 Nf8 20. Qf2 Ng6 21. Bd3 Qa8 22. Bb1 h4 23. h3 Nh5 24. Nf1 b5 25. cxb5 Ba5 26. Qb2 Ngf4 27. b4 Bc7 28. bxa6 Bxa6 29. b5 Bb7 30. b6 Bb8 31. Bf2 d5 32. exd5 exd5 33. Bd4 Rc4 34. Qf2 Qa3 35. Qc2 g6 36. Qb3 Qe7 37. a4 Qg5 38. Rc2 Ba6 39. Nb5 Rxc2 40. Qxc2 Re2 41. Qxe2 Nxe2 42. Be3 0-1

[Event "Madrid-chT 1920 Honor"]
[Site "Madrid"]
[Date "2020.02.02"]
[Round "7.6"]
[White "Guerrero Villanueva, David"]
[Black "Aymerich Verdaguer, Eduard"]
[Result "1/2-1/2"]
[WhiteElo "1975"]
[BlackElo "2216"]
[PlyCount "37"]
[EventDate "2019.11.24"]
[EventType "team-tourn"]
[EventRounds "12"]
[EventCountry "ESP"]
[SourceTitle "EXT 2021"]
[Source "ChessBase"]
[SourceDate "2020.10.23"]
[SourceVersion "1"]
[SourceVersionDate "2020.10.23"]
[SourceQuality "1"]
[WhiteTeam "Getafe"]
[BlackTeam "Villalba 64"]
[WhiteTeamCountry "ESP"]
[BlackTeamCountry "ESP"]

1. d4 Nf6 2. c4 g6 3. Nc3 Bg7 4. e4 d6 5. Be2 0-0 6. h4 a6 7. h5 c5 8. d5 b5 9. hxg6 hxg6 10. Qc2 e6 11. Bg5 Qa5 12. Kf1 b4 13. Nd1 Nbd7 14. Qc1 Re8 15. Qf4 exd5 16. exd5 Qc7 17. Bh6 Bh8 18. Bg5 Bg7 19. Bh6 1/2-1/2

[Event "Catalunya-chT GpB final"]
[Site "Barcelona"]
[Date "2019.03.23"]
[Round "3.3"]
[White "Cruz Estrada, Filemon"]
[Black "Aymerich Verdaguer, Eduard"]
[Result "1-0"]
[WhiteElo "2303"]
[BlackElo "2204"]
[PlyCount "95"]
[EventDate "2019.03.09"]
[EventType "team-tourn"]
[EventRounds "4"]
[EventCountry "ESP"]
[SourceTitle "EXT 2020"]
[Source "ChessBase"]
[SourceDate "2019.10.17"]
[SourceVersion "1"]
[SourceVersionDate "2019.10.17"]
[SourceQuality "1"]
[WhiteTeam "Sant Andreu"]
[BlackTeam "Olot"]
[WhiteTeamCountry "ESP"]
[BlackTeamCountry "ESP"]

1. c4 g6 2. Nc3 Bg7 3. g3 e5 4. d3 d6 5. Bg2 Nc6 6. Rb1 a5 7. a3 Be6 8. Nf3 h6 9. 0-0 f5 10. Nd5 Nge7 11. Nd2 0-0 12. b4 axb4 13. axb4 Qd7 14. b5 Nd8 15. Qc2 f4 16. Bb2 Nf5 17. Ra1 Rxa1 18. Rxa1 Qf7 19. Rf1 g5 20. Ne4 c6 21. bxc6 bxc6 22. Nb4 c5 23. Nd5 Nc6 24. Qd1 Qd7 25. e3 Bxd5 26. cxd5 Nb4 27. Bh3 Qf7 28. Nxd6 Nxe3 29. fxe3 Qxd5 30. Nf5 Qxd3 31. Qxd3 Nxd3 32. Bc3 fxe3 33. Ne7+ Kh7 34. Rxf8 Bxf8 35. Bf5+ Kg7 36. Ng6 c4 37. Nxf8 Kxf8 38. Kf1 Ke7 39. Ke2 Kf6 40. Bc8 h5 41. Kxe3 Nc5 42. Ba5 g4 43. Bb6 Nb3 44. Bd8+ Kg6 45. Ba6 Nd4 46. Bxc4 Nf3 47. h4 gxh3 48. Bd3+ 1-0

[Event "Catalunya-chT Gp2"]
[Site "Barcelona"]
[Date "2019.03.02"]
[Round "7.3"]
[White "Aymerich Verdaguer, Eduard"]
[Black "Oms Fuentes, Lluis"]
[Result "1-0"]
[WhiteElo "2204"]
[BlackElo "2302"]
[PlyCount "53"]
[EventDate "2019.01.19"]
[EventType "team-tourn"]
[EventRounds "7"]
[EventCountry "ESP"]
[SourceTitle "CBM 189 Extra"]
[Source "ChessBase"]
[SourceDate "2019.06.03"]
[SourceVersion "1"]
[SourceVersionDate "2019.06.03"]
[SourceQuality "1"]
[WhiteTeam "Olot"]
[BlackTeam "Barcelona Escacs CC"]
[WhiteTeamCountry "ESP"]
[BlackTeamCountry "ESP"]

1. d4 d5 2. c4 e6 3. Nc3 c5 4. cxd5 exd5 5. Nf3 Nc6 6. g3 Nf6 7. Bg2 cxd4 8. Nxd4 Be7 9. 0-0 0-0 10. Bf4 Bg4 11. Rc1 Qd7 12. Qd3 Rfe8 13. Rfd1 Bb4 14. Bf3 Ne5 15. Qb5 Bxf3 16. Qxd7 Nexd7 17. exf3 Rac8 18. Ndb5 Bxc3 19. Nd6 Re2 20. Nxc8 Bb4 21. Kf1 Rxb2 22. Rb1 Rxb1 23. Rxb1 a5 24. Bd6 Bc3 25. Rxb7 d4 26. Ke2 h6 27. Nb6 1-0

[Event "EU-ch rapid"]
[Site "Skopje"]
[Date "2018.12.08"]
[Round "2"]
[White "Zajic, Milan"]
[Black "Aymerich Verdaguer, Eduard"]
[Result "1-0"]
[WhiteElo "2488"]
[BlackElo "2204"]
[PlyCount "99"]
[EventDate "2018.12.08"]
[EventType "swiss (rapid)"]
[EventRounds "13"]
[EventCountry "MKD"]
[SourceTitle "CBM 187 Extra"]
[Source "ChessBase"]
[SourceDate "2018.11.04"]
[SourceVersion "1"]
[SourceVersionDate "2018.11.04"]
[SourceQuality "1"]

1. e4 c5 2. Nf3 e6 3. b3 Nc6 4. Bb2 d6 5. d4 cxd4 6. Nxd4 e5 7. Nxc6 bxc6 8. g3 Nf6 9. Bg2 Bg4 10. Qd3 Be7 11. h3 Be6 12. Nc3 0-0 13. 0-0-0 Qa5 14. f4 Rfd8 15. f5 Bc8 16. g4 Ba6 17. Qd2 d5 18. exd5 Nxd5 19. Nxd5 Qxd2+ 20. Kxd2 Bg5+ 21. Ke1 Bh4+ 22. Kd2 Bg5+ 23. Kc3 cxd5 24. Bxd5 Rac8+ 25. Bc4 Bb7 26. Rhe1 e4 27. Rxd8+ Rxd8 28. Bc1 Bf6+ 29. Kb4 Kf8 30. Be3 a5+ 31. Kb5 Bc3 32. Rf1 Ke8 33. Kb6 Ba8 34. Bb5+ Ke7 35. g5 f6 36. Bc5+ Kf7 37. Bc4+ Ke8 38. Bb5+ Kf7 39. Bc4+ Ke8 40. gxf6 gxf6 41. Bb5+ Kf7 42. Bc4+ Ke8 43. Rg1 Bd5 44. Bb5+ Kf7 45. Kc7 Rh8 46. Rd1 Be5+ 47. Bd6 Bxd6+ 48. Kxd6 Rd8+ 49. Kc7 Ke7 50. c4 1-0

[Event "Catalunya-chT GpB final"]
[Site "Barcelona"]
[Date "2018.04.14"]
[Round "4.6"]
[White "Aymerich Verdaguer, Eduard"]
[Black "Guso Llorca, Jordi"]
[Result "1-0"]
[WhiteElo "2169"]
[BlackElo "2163"]
[PlyCount "67"]
[EventDate "2018.03.10"]
[EventType "team-tourn"]
[EventRounds "4"]
[EventCountry "ESP"]
[SourceTitle "EXT 2019"]
[Source "ChessBase"]
[SourceDate "2018.10.10"]
[SourceVersion "1"]
[SourceVersionDate "2018.10.10"]
[SourceQuality "1"]
[WhiteTeam "Olot"]
[BlackTeam "Gerunda"]
[WhiteTeamCountry "ESP"]
[BlackTeamCountry "ESP"]

1. d4 Nf6 2. c4 g6 3. Nc3 Bg7 4. e4 d6 5. Be2 0-0 6. Nf3 Nc6 7. d5 Ne5 8. Nxe5 dxe5 9. Be3 b6 10. 0-0 Bd7 11. c5 e6 12. Rc1 exd5 13. exd5 Ne8 14. Qb3 Bf6 15. Ne4 Bg7 16. Rfd1 Qh4 17. Rc4 b5 18. Rb4 Qd8 19. Bxb5 a5 20. Bxd7 axb4 21. Bc6 Rb8 22. d6 h6 23. Bxe8 Rxe8 24. Qc4 cxd6 25. cxd6 Re6 26. Bc5 b3 27. axb3 Bf8 28. b4 Qd7 29. Qd5 Kh7 30. Ra1 Qb7 31. Qxb7 Rxb7 32. Ra8 f5 33. Rxf8 fxe4 34. Rd8 1-0

[Event "Catalunya-chT GpB final"]
[Site "Barcelona"]
[Date "2018.04.07"]
[Round "3.6"]
[White "Castellet Giralt, Gabriel"]
[Black "Aymerich Verdaguer, Eduard"]
[Result "0-1"]
[WhiteElo "2229"]
[BlackElo "2169"]
[PlyCount "88"]
[EventDate "2018.03.10"]
[EventType "team-tourn"]
[EventRounds "4"]
[EventCountry "ESP"]
[SourceTitle "CBM 183 Extra"]
[Source "ChessBase"]
[SourceDate "2018.04.19"]
[SourceVersion "1"]
[SourceVersionDate "2018.04.19"]
[SourceQuality "1"]
[WhiteTeam "Cerdanyola Valles"]
[BlackTeam "Olot"]
[WhiteTeamCountry "ESP"]
[BlackTeamCountry "ESP"]

1. d4 Nf6 2. c4 g6 3. Nc3 Bg7 4. e4 d6 5. f4 0-0 6. Nf3 a6 7. Be2 c5 8. dxc5 Qa5 9. Bd3 Qxc5 10. Qe2 Bg4 11. Be3 Qc7 12. 0-0 Nbd7 13. Rac1 Rac8 14. Qf2 Bxf3 15. gxf3 e6 16. Rfd1 Nh5 17. Bf1 Rfd8 18. f5 Qb8 19. Kh1 Ne5 20. Ba7 Qc7 21. Bb6 Qe7 22. Bxd8 Rxd8 23. Ne2 Bh6 24. Rc3 gxf5 25. exf5 exf5 26. Bh3 Ng7 27. Rg1 Ng6 28. Nd4 Re8 29. Nc2 Bf4 30. Re1 Be5 31. Rb3 Nf4 32. Bf1 Nge6 33. c5 Nxc5 34. Rbe3 Nce6 35. Bc4 Kh8 36. Bxe6 fxe6 37. Rxe5 dxe5 38. Rxe5 Qd6 39. Qe1 Nd3 40. Qd2 Qxe5 41. Qxd3 Qd5 42. Qc3+ e5 43. Kg1 Rd8 44. Kf1 Qd3+ 0-1

[Event "Catalunya-chT GpB final"]
[Site "Barcelona"]
[Date "2018.03.17"]
[Round "2.5"]
[White "Mateos Rozas, Miguel Angel"]
[Black "Aymerich Verdaguer, Eduard"]
[Result "1/2-1/2"]
[WhiteElo "2148"]
[BlackElo "2169"]
[PlyCount "128"]
[EventDate "2018.03.10"]
[EventType "team-tourn"]
[EventRounds "4"]
[EventCountry "ESP"]
[SourceTitle "CBM 183 Extra"]
[Source "ChessBase"]
[SourceDate "2018.04.19"]
[SourceVersion "1"]
[SourceVersionDate "2018.04.19"]
[SourceQuality "1"]
[WhiteTeam "St Cugat"]
[BlackTeam "Olot"]
[WhiteTeamCountry "ESP"]
[BlackTeamCountry "ESP"]

1. e4 c5 2. Nf3 e6 3. Qe2 Nc6 4. g3 Nge7 5. Bg2 g6 6. 0-0 Bg7 7. d3 d6 8. c3 0-0 9. Rd1 e5 10. a3 h6 11. b4 Be6 12. Bb2 f5 13. Nbd2 a6 14. d4 cxd4 15. cxd4 exd4 16. exf5 Bf7 17. fxg6 Nxg6 18. Nf1 Re8 19. Qc2 Rc8 20. Qf5 Qb6 21. N1d2 Nge5 22. Nxe5 Nxe5 23. Ne4 Bg6 24. Nf6+ Kh8 25. Qf4 Rf8 26. Bxd4 Qd8 27. Bxe5 dxe5 28. Rxd8 exf4 29. Rxc8 Rxc8 30. Rd1 Bxf6 31. Bxb7 Rc3 32. a4 Bd3 33. gxf4 Kg7 34. Kg2 Be7 35. b5 axb5 36. axb5 Bxb5 37. Be4 Ba4 38. Rd2 Rc4 39. f3 Kf6 40. Ra2 Bd6 41. Kg3 Bb5 42. Rd2 Bc7 43. Ra2 Rc5 44. Ra8 Rg5+ 45. Kf2 Bxf4 46. Rf8+ Ke5 47. h4 Rh5 48. Bg6 Rxh4 49. Rf5+ Ke6 50. Rxb5 Rh2+ 51. Kg1 Rd2 52. Be4 Be3+ 53. Kh1 Kf6 54. Rf5+ Kg7 55. Rd5 Rb2 56. Rf5 Rf2 57. Rd5 Kf6 58. Rf5+ Ke6 59. Rb5 Bd4 60. Rh5 Be3 61. Rb5 Kf6 62. Rf5+ Ke6 63. Rb5 Kf6 64. Rf5+ Ke6 1/2-1/2